Trabagrama [juego] /
Guardado en:
| Formato: | Objeto Físico |
|---|---|
| Publicado: |
Argentina :
Lugano toys,
[200?]
|
| Materias: | |
| Etiquetas: |
Agregar Etiqueta
Sin Etiquetas, Sea el primero en etiquetar este registro!
|
| LEADER | 00665nrm a22001575g 4500 | ||
|---|---|---|---|
| 001 | CEM.cems019289 | ||
| 008 | 130507b200?##################0###0#####d | ||
| 005 | 20220830110712.0 | ||
| 003 | CEMS | ||
| 245 | 0 | 0 | |a Trabagrama [juego] / |c Lugano Toys |
| 260 | |a Argentina : |b Lugano toys, |c [200?] | ||
| 300 | |a 1 juego (1 tablero, 137 fichas plásticas con letras y puntos, 3 fichas comodín, 4 soportes plásticos, anotador) ; en caja 21 x 36 x 4 cm. + manual de instrucciones. | ||
| 500 | |a Para 2 jugadores a partir de 8 años objetivo: formar palabras entrelazadas. | ||
| 082 | 0 | 4 | |a J793.734 |
| 653 | |a 1. juegos de palabras | ||
| 859 | |a CEMS |b BIB. CEMS - Ludoteca |h J793.734 |i L957 |p 265.02 |t Ej.1 | ||
